LEADER 03143nam 2200709Ia 450 001 9910456382803321 005 20200520144314.0 010 $a1-62198-467-2 010 $a1-282-56869-8 010 $a9786612568695 010 $a0-8144-1576-8 035 $a(CKB)2550000000013126 035 $a(EBL)533014 035 $a(OCoLC)635960670 035 $a(SSID)ssj0000418500 035 $a(PQKBManifestationID)11313461 035 $a(PQKBTitleCode)TC0000418500 035 $a(PQKBWorkID)10370821 035 $a(PQKB)10649069 035 $a(MiAaPQ)EBC533014 035 $a(CaSebORM)9780814415733 035 $a(Au-PeEL)EBL533014 035 $a(CaPaEBR)ebr10387197 035 $a(CaONFJC)MIL256869 035 $a(EXLCZ)992550000000013126 100 $a20100114d2010 uy 0 101 0 $aeng 135 $aur|n|---||||| 181 $ctxt 182 $cc 183 $acr 200 10$aGenerations, Inc$b[electronic resource] $efrom boomers to linksters--managing the friction between generations at work /$fMeagan Johnson and Larry Johnson 205 $a1st edition 210 $aNew York $cAMACOM$dc2010 215 $a1 online resource (273 p.) 300 $aDescription based upon print version of record. 311 $a0-8144-1573-3 320 $aIncludes bibliographical references and index. 327 $aCONTENTS; ACKNOWLEDGMENTS; AUTHORS' NOTE; CHAPTER 1 Signposts: Harbingers of Things to Come; CHAPTER 2 Baby Boomers: The Elephant in the Python; CHAPTER 3 Managing Boomers; CHAPTER 4 Big Bird, Wayne's World, and Home Alone: Signposts for Generation X; CHAPTER 5 Managing Generation X; CHAPTER 6 The Next Elephant in the Python: Signposts for Generation Y; CHAPTER 7 Managing Generation Y; CHAPTER 8 Old Dogs Have Lots to Offer: Signposts for the Traditional Generation; CHAPTER 9 Managing the Traditional Generation; CHAPTER 10 Cell Phones and Hanna Montana: Signposts for the Linkster Generation 327 $aCHAPTER 11 Managing the Linkster GenerationCHAPTER 12 Different Strokes for Different Folks: A Model for Managing Across Generational Boundaries; APPENDIX A: Resolving Intergenerational Conflict; APPENDIX B: A Quick-Reference Guide to the Book; NOTES; INDEX; A; B; C; D; E; F; G; H; I; J; K; L; M; N; O; P; Q; R; S; T; U; V; W; Y; Z 330 $aWhen Woodstock meets Facebook at the watercooler. 606 $aDiversity in the workplace$xManagement 606 $aIntergenerational relations 606 $aIntergenerational communication 606 $aConflict of generations 606 $aPersonnel management 608 $aElectronic books. 615 0$aDiversity in the workplace$xManagement. 615 0$aIntergenerational relations. 615 0$aIntergenerational communication. 615 0$aConflict of generations. 615 0$aPersonnel management. 676 $a658.30084 700 $aJohnson$b Meagan$f1970-$0925357 701 $aJohnson$b Larry$f1947-$0903568 801 0$bMiAaPQ 801 1$bMiAaPQ 801 2$bMiAaPQ 906 $aBOOK 912 $a9910456382803321 996 $aGenerations, Inc$92077731 997 $aUNINA LEADER 02710nam 2200661 450 001 996247885803316 005 20210311111955.0 010 $a1-350-22167-8 024 7 $a10.5040/9781350221673 035 $a(dli)HEB04678 035 $a(CKB)1000000000396962 035 $a(OCoLC)719377494 035 $a(CaBNVSL)9781350221673 035 $a(EXLCZ)991000000000396962 100 $a20210311h20212011 uy 0 101 0 $aeng 135 $aurmnummmmuuuu 181 $2rdacontent 182 $2rdamedia 183 $2rdacarrier 200 00$aPalestinian women$b[electronic resource] $eidentity and experience /$fedited by Ebba Augustin 210 1$aLondon, England :$cZed Books,$d2011. 210 2$a[London, England] :$cBloomsbury Publishing,$d2021 215 $axi, 209 p. ;$d23 cm 311 $a1-85649-233-8 311 $a1-85649-234-6 320 $aIncludes bibliographical references (pages 250-256) and index. 327 $aAbout the author; Acknowledgements; Introduction; One -- My Family Stories; Two -- Life Story: Methodological Aspects; Three -- The Researcher's Story; Four -- Language; Five -- The Body; Six -- Home; Conclusion; Notes; References; Index. 330 $aPalestinian Women is the first book to examine and document the experiences and historical narrative of ordinary Palestinian women who witnessed the events of 1948 and became involuntary citizens of the State of Israel. Known in Palestinian discourse as the Nakba, or the Catastrophe, these events of sixty years ago still powerfully resonate in contemporary Palestinian-Jewish relations. 410 0$aACLS Humanities E-Book. 606 $aWomen, Palestinian Arab 606 $aMuslim women$zIsrael 606 $aSex discrimination against women 606 $aIsrael-Arab War, 1948-1949$xWomen 606 $aIsrael-Arab War, 1948-1949 606 $aWomen (Islamic law) 606 $aSex discrimination against women$zIslamic countries 606 $aFamily violence 606 $aRegional & national history$2bicssc 615 0$aWomen, Palestinian Arab. 615 0$aMuslim women 615 0$aSex discrimination against women. 615 0$aIsrael-Arab War, 1948-1949$xWomen. 615 0$aIsrael-Arab War, 1948-1949. 615 0$aWomen (Islamic law) 615 0$aSex discrimination against women 615 0$aFamily violence. 615 7$aRegional & national history 676 $a305.48/697 700 $aKassem$b Fatma$01188852 712 02$aAmerican Council of Learned Societies. 801 0$bN 801 1$bCaBNVSL 801 2$bCaBNVSL 906 $aBOOK 912 $a996247885803316 996 $aPalestinian women$92753654 997 $aUNISA